{"text_format":"3","workbook":"xlsx","n_sheets":17,"sheets":["部门财务收支预算总表01-1","部门收入预算表01-2","部门支出预算表01-3","部门财政拨款收支预算总表02-1","一般公共预算支出预算表02-2","一般公共预算“三公”经费支出预算表03","部门基本支出预算表04","部门项目支出预算表05-1","部门项目支出绩效目标表05-2","部门政府性基金预算表06","部门政府采购预算表07","部门政府购买服务预算表08","省对下转移支付预算表09-1","省对下转移支付绩效目标表09-2","新增资产配置表10","中央转移支付补助项目支出预算表11","部门项目支出中期规划预算表12"],"read":"whole","date_system":"1900"}

{"sheet":"部门财务收支预算总表01-1","index":0,"n_rows":21,"n_cols":4,"rows_kept":21,"merged":[[1,0,1,3],[2,0,2,1],[3,0,3,1],[3,2,3,3],[4,0,5,0],[4,1,5,1],[4,2,5,2],[4,3,5,3]]}
[{"$nulls":3},"预算01-1表"]
["2026年部门财务收支预算总表"]
[{"$f":"\"单位名称：\"&\"云南省有色地质局三一二队\"","v":"单位名称：云南省有色地质局三一二队"},null,null,"单位:元"]
["收        入",null,"支        出"]
["项      目","预算数","项目（按功能分类）","预算数"]
[]
["一、一般公共预算拨款收入",{"v":7158570,"d":"7,158,570.00"},{"$f":"\"一\"&\"、\"&\"社会保障和就业支出\"","v":"一、社会保障和就业支出"},{"v":1777550,"d":"1,777,550.00"}]
["二、政府性基金预算拨款收入",null,{"$f":"\"二\"&\"、\"&\"卫生健康支出\"","v":"二、卫生健康支出"},{"v":527000,"d":"527,000.00"}]
["三、国有资本经营预算拨款收入",null,{"$f":"\"三\"&\"、\"&\"资源勘探工业信息等支出\"","v":"三、资源勘探工业信息等支出"},{"v":21814800,"d":"21,814,800.00"}]
["四、财政专户管理资金收入",null,{"$f":"\"四\"&\"、\"&\"住房保障支出\"","v":"四、住房保障支出"},{"v":708800,"d":"708,800.00"}]
["五、单位资金",{"v":17669580,"d":"17,669,580.00"}]
["1、事业收入",{"v":16569580,"d":"16,569,580.00"}]
["2、事业单位经营收入"]
["3、上级补助收入"]
["4、附属单位上缴收入"]
["5、其他收入",{"v":1100000,"d":"1,100,000.00"}]
["本年收入合计",{"v":24828150,"d":"24,828,150.00"},"本年支出合计",{"v":24828150,"d":"24,828,150.00"}]
["上年结转结余",{"v":8595000,"d":"8,595,000.00"},"年终结转结余",{"v":8595000,"d":"8,595,000.00"}]
["1、财政拨款结转结余",null,"1、财政拨款结转结余"]
["2、非财政拨款结余",{"v":8595000,"d":"8,595,000.00"},"2、非财政拨款结余",{"v":8595000,"d":"8,595,000.00"}]
["收  入  总  计",{"v":33423150,"d":"33,423,150.00"},"支 出 总 计",{"v":33423150,"d":"33,423,150.00"}]

{"sheet":"部门收入预算表01-2","index":1,"n_rows":10,"n_cols":19,"rows_kept":10,"merged":[[0,17,0,18],[1,0,1,18],[2,0,2,3],[2,17,2,18],[3,0,5,0],[3,1,5,1],[3,2,5,2],[3,3,3,13],[3,14,3,18],[4,3,5,3],[4,4,5,4],[4,5,5,5],[4,6,5,6],[4,7,5,7],[4,8,4,13],[4,14,5,14],[4,15,5,15],[4,16,5,16],[4,17,5,17],[4,18,5,18]]}
[{"$nulls":17},"预算01-2表"]
["2026年部门收入预算表"]
[{"$f":"\"单位名称：\"&\"云南省有色地质局三一二队\"","v":"单位名称：云南省有色地质局三一二队"},{"$nulls":16},"单位:元","单位:元"]
["部门（单位）代码","部门（单位）名称","合计","本年收入",{"$nulls":10},"上年结转结余"]
[{"$nulls":3},"小计","一般公共预算","政府性基金预算","国有资本经营预算","财政专户管理资金","单位资金收入",null,"事业单位经营收入","上级补助收入","附属单位上缴收入","其他收入","小计","一般公共预算","政府性基金预算","国有资本经营预算","非财政拨款结余"]
[{"$nulls":8},"小计","事业收入","事业单位经营收入","上级补助收入","附属单位上缴收入","其他收入"]
[1,2,3,4,5,6,7,8,9,10,11,12,13,14,15,16,17,18,19]
["411012","云南省有色地质局三一二队",{"v":33423150,"d":"33,423,150.00"},{"v":24828150,"d":"24,828,150.00"},{"v":7158570,"d":"7,158,570.00"},{"$nulls":3},{"v":17669580,"d":"17,669,580.00"},{"v":16569580,"d":"16,569,580.00"},{"$nulls":3},{"v":1100000,"d":"1,100,000.00"},{"v":8595000,"d":"8,595,000.00"},{"$nulls":3},{"v":8595000,"d":"8,595,000.00"}]
["411012001","云南省有色地质局三一二队",{"v":33423150,"d":"33,423,150.00"},{"v":24828150,"d":"24,828,150.00"},{"v":7158570,"d":"7,158,570.00"},{"$nulls":3},{"v":17669580,"d":"17,669,580.00"},{"v":16569580,"d":"16,569,580.00"},{"$nulls":3},{"v":1100000,"d":"1,100,000.00"},{"v":8595000,"d":"8,595,000.00"},{"$nulls":3},{"v":8595000,"d":"8,595,000.00"}]
["合计",null,{"v":33423150,"d":"33,423,150.00"},{"v":24828150,"d":"24,828,150.00"},{"v":7158570,"d":"7,158,570.00"},{"$nulls":3},{"v":17669580,"d":"17,669,580.00"},{"v":16569580,"d":"16,569,580.00"},{"$nulls":3},{"v":1100000,"d":"1,100,000.00"},{"v":8595000,"d":"8,595,000.00"},{"$nulls":3},{"v":8595000,"d":"8,595,000.00"}]

{"sheet":"部门支出预算表01-3","index":2,"n_rows":24,"n_cols":15,"rows_kept":24,"merged":[[1,0,1,14],[2,0,2,11],[3,0,4,0],[3,1,4,1],[3,2,4,2],[3,3,3,5],[3,6,4,6],[3,7,4,7],[3,8,4,8],[3,9,3,14],[23,0,23,1]]}
[{"$nulls":14},"预算01-3表"]
["2026年部门支出预算表"]
[{"$f":"\"单位名称：\"&\"云南省有色地质局三一二队\"","v":"单位名称：云南省有色地质局三一二队"},{"$nulls":13},"单位:元"]
["科目编码","科目名称","合计","一般公共预算",null,null,"政府性基金预算","国有资本经营预算","财政专户管理的支出","单位资金","事业支出","事业单位\n经营支出","上级补助支出","附属单位补助支出","其他支出"]
[{"$nulls":3},"小计","基本支出","项目支出",{"$nulls":3},"小计","事业支出","事业单位\n经营支出","上级补助支出","附属单位补助支出","其他支出"]
[1,2,3,4,5,6,7,8,9,10,11,12,13,14,15]
["208","社会保障和就业支出",{"v":1777550,"d":"1,777,550.00"},{"v":1691550,"d":"1,691,550.00"},{"v":1691550,"d":"1,691,550.00"},{"$nulls":4},{"v":86000,"d":"86,000.00"},{"v":86000,"d":"86,000.00"}]
["20805","行政事业单位养老支出",{"v":1735550,"d":"1,735,550.00"},{"v":1655550,"d":"1,655,550.00"},{"v":1655550,"d":"1,655,550.00"},{"$nulls":4},{"v":80000,"d":"80,000.00"},{"v":80000,"d":"80,000.00"}]
["2080502","事业单位离退休",{"v":260550,"d":"260,550.00"},{"v":260550,"d":"260,550.00"},{"v":260550,"d":"260,550.00"}]
["2080505","机关事业单位基本养老保险缴费支出",{"v":980000,"d":"980,000.00"},{"v":930000,"d":"930,000.00"},{"v":930000,"d":"930,000.00"},{"$nulls":4},{"v":50000,"d":"50,000.00"},{"v":50000,"d":"50,000.00"}]
["2080506","机关事业单位职业年金缴费支出",{"v":495000,"d":"495,000.00"},{"v":465000,"d":"465,000.00"},{"v":465000,"d":"465,000.00"},{"$nulls":4},{"v":30000,"d":"30,000.00"},{"v":30000,"d":"30,000.00"}]
["20899","其他社会保障和就业支出",{"v":42000,"d":"42,000.00"},{"v":36000,"d":"36,000.00"},{"v":36000,"d":"36,000.00"},{"$nulls":4},{"v":6000,"d":"6,000.00"},{"v":6000,"d":"6,000.00"}]
["2089999","其他社会保障和就业支出",{"v":42000,"d":"42,000.00"},{"v":36000,"d":"36,000.00"},{"v":36000,"d":"36,000.00"},{"$nulls":4},{"v":6000,"d":"6,000.00"},{"v":6000,"d":"6,000.00"}]
["210","卫生健康支出",{"v":527000,"d":"527,000.00"},{"v":362000,"d":"362,000.00"},{"v":362000,"d":"362,000.00"},{"$nulls":4},{"v":165000,"d":"165,000.00"},{"v":165000,"d":"165,000.00"}]
["21011","行政事业单位医疗",{"v":527000,"d":"527,000.00"},{"v":362000,"d":"362,000.00"},{"v":362000,"d":"362,000.00"},{"$nulls":4},{"v":165000,"d":"165,000.00"},{"v":165000,"d":"165,000.00"}]
["2101102","事业单位医疗",{"v":524000,"d":"524,000.00"},{"v":362000,"d":"362,000.00"},{"v":362000,"d":"362,000.00"},{"$nulls":4},{"v":162000,"d":"162,000.00"},{"v":162000,"d":"162,000.00"}]
["2101199","其他行政事业单位医疗支出",{"v":3000,"d":"3,000.00"},{"$nulls":6},{"v":3000,"d":"3,000.00"},{"v":3000,"d":"3,000.00"}]
["215","资源勘探工业信息等支出",{"v":21814800,"d":"21,814,800.00"},{"v":4781220,"d":"4,781,220.00"},{"v":4781220,"d":"4,781,220.00"},{"$nulls":4},{"v":17033580,"d":"17,033,580.00"},{"v":15933580,"d":"15,933,580.00"},{"$nulls":3},{"v":1100000,"d":"1,100,000.00"}]
["21501","资源勘探开发",{"v":21814800,"d":"21,814,800.00"},{"v":4781220,"d":"4,781,220.00"},{"v":4781220,"d":"4,781,220.00"},{"$nulls":4},{"v":17033580,"d":"17,033,580.00"},{"v":15933580,"d":"15,933,580.00"},{"$nulls":3},{"v":1100000,"d":"1,100,000.00"}]
["2150107","有色金属矿勘探和采选",{"v":21814800,"d":"21,814,800.00"},{"v":4781220,"d":"4,781,220.00"},{"v":4781220,"d":"4,781,220.00"},{"$nulls":4},{"v":17033580,"d":"17,033,580.00"},{"v":15933580,"d":"15,933,580.00"},{"$nulls":3},{"v":1100000,"d":"1,100,000.00"}]
["221","住房保障支出",{"v":708800,"d":"708,800.00"},{"v":323800,"d":"323,800.00"},{"v":323800,"d":"323,800.00"},{"$nulls":4},{"v":385000,"d":"385,000.00"},{"v":385000,"d":"385,000.00"}]
["22102","住房改革支出",{"v":708800,"d":"708,800.00"},{"v":323800,"d":"323,800.00"},{"v":323800,"d":"323,800.00"},{"$nulls":4},{"v":385000,"d":"385,000.00"},{"v":385000,"d":"385,000.00"}]
["2210201","住房公积金",{"v":708800,"d":"708,800.00"},{"v":323800,"d":"323,800.00"},{"v":323800,"d":"323,800.00"},{"$nulls":4},{"v":385000,"d":"385,000.00"},{"v":385000,"d":"385,000.00"}]
["合  计","合  计",{"v":24828150,"d":"24,828,150.00"},{"v":7158570,"d":"7,158,570.00"},{"v":7158570,"d":"7,158,570.00"},{"$nulls":4},{"v":17669580,"d":"17,669,580.00"},{"v":16569580,"d":"16,569,580.00"},{"$nulls":3},{"v":1100000,"d":"1,100,000.00"}]

{"sheet":"部门财政拨款收支预算总表02-1","index":3,"n_rows":16,"n_cols":4,"rows_kept":16,"merged":[[1,0,1,3],[2,0,2,1],[3,0,3,1],[3,2,3,3],[4,0,5,0],[4,1,5,1],[4,2,5,2],[4,3,5,3]]}
[{"$nulls":3},"预算02-1表"]
["2026年财政拨款收支预算总表"]
[{"$f":"\"单位名称：\"&\"云南省有色地质局三一二队\"","v":"单位名称：云南省有色地质局三一二队"},null,null,"单位:元"]
["收        入",null,"支        出"]
["项      目","预算数","支出功能分类科目","预算数"]
[]
["一、本年收入",{"v":7158570,"d":"7,158,570.00"},"一、本年支出",{"v":7158570,"d":"7,158,570.00"}]
["（一）一般公共预算拨款",{"v":7158570,"d":"7,158,570.00"},{"$f":"\"（一）\"&\"社会保障和就业支出\"","v":"（一）社会保障和就业支出"},{"v":1691550,"d":"1,691,550.00"}]
["（二）政府性基金预算拨款",null,{"$f":"\"（二）\"&\"卫生健康支出\"","v":"（二）卫生健康支出"},{"v":362000,"d":"362,000.00"}]
["（三）国有资本经营预算拨款",null,{"$f":"\"（三）\"&\"资源勘探工业信息等支出\"","v":"（三）资源勘探工业信息等支出"},{"v":4781220,"d":"4,781,220.00"}]
["二、上年结转",null,{"$f":"\"（四）\"&\"住房保障支出\"","v":"（四）住房保障支出"},{"v":323800,"d":"323,800.00"}]
["（一）一般公共预算拨款"]
["（二）政府性基金预算拨款"]
["（三）国有资本经营预算拨款"]
[null,null,"二、年终结转结余"]
["收 入 总 计",{"v":7158570,"d":"7,158,570.00"},"支 出 总 计",{"v":7158570,"d":"7,158,570.00"}]

{"sheet":"一般公共预算支出预算表02-2","index":4,"n_rows":23,"n_cols":7,"rows_kept":23,"merged":[[1,0,1,6],[2,0,2,4],[3,0,3,1],[3,2,4,2],[3,3,3,5],[3,6,4,6],[22,0,22,1]]}
[{"$nulls":6},"预算02-2表"]
["2026年一般公共预算支出预算表（按功能科目分类）"]
[{"$f":"\"单位名称：\"&\"云南省有色地质局三一二队\"","v":"单位名称：云南省有色地质局三一二队"},{"$nulls":5},"单位:元"]
["部门预算支出功能分类科目",null,"合计","基本支出",null,null,"项目支出"]
["科目编码","科目名称",null,"小计","人员经费","公用经费"]
["1","2","3",null,"4","5","6"]
["208","社会保障和就业支出",{"v":1691550,"d":"1,691,550.00"},{"v":1691550,"d":"1,691,550.00"},{"v":1431000,"d":"1,431,000.00"},{"v":260550,"d":"260,550.00"}]
["20805","行政事业单位养老支出",{"v":1655550,"d":"1,655,550.00"},{"v":1655550,"d":"1,655,550.00"},{"v":1395000,"d":"1,395,000.00"},{"v":260550,"d":"260,550.00"}]
["2080502","事业单位离退休",{"v":260550,"d":"260,550.00"},{"v":260550,"d":"260,550.00"},null,{"v":260550,"d":"260,550.00"}]
["2080505","机关事业单位基本养老保险缴费支出",{"v":930000,"d":"930,000.00"},{"v":930000,"d":"930,000.00"},{"v":930000,"d":"930,000.00"}]
["2080506","机关事业单位职业年金缴费支出",{"v":465000,"d":"465,000.00"},{"v":465000,"d":"465,000.00"},{"v":465000,"d":"465,000.00"}]
["20899","其他社会保障和就业支出",{"v":36000,"d":"36,000.00"},{"v":36000,"d":"36,000.00"},{"v":36000,"d":"36,000.00"}]
["2089999","其他社会保障和就业支出",{"v":36000,"d":"36,000.00"},{"v":36000,"d":"36,000.00"},{"v":36000,"d":"36,000.00"}]
["210","卫生健康支出",{"v":362000,"d":"362,000.00"},{"v":362000,"d":"362,000.00"},{"v":362000,"d":"362,000.00"}]
["21011","行政事业单位医疗",{"v":362000,"d":"362,000.00"},{"v":362000,"d":"362,000.00"},{"v":362000,"d":"362,000.00"}]
["2101102","事业单位医疗",{"v":362000,"d":"362,000.00"},{"v":362000,"d":"362,000.00"},{"v":362000,"d":"362,000.00"}]
["215","资源勘探工业信息等支出",{"v":4781220,"d":"4,781,220.00"},{"v":4781220,"d":"4,781,220.00"},{"v":4781220,"d":"4,781,220.00"}]
["21501","资源勘探开发",{"v":4781220,"d":"4,781,220.00"},{"v":4781220,"d":"4,781,220.00"},{"v":4781220,"d":"4,781,220.00"}]
["2150107","有色金属矿勘探和采选",{"v":4781220,"d":"4,781,220.00"},{"v":4781220,"d":"4,781,220.00"},{"v":4781220,"d":"4,781,220.00"}]
["221","住房保障支出",{"v":323800,"d":"323,800.00"},{"v":323800,"d":"323,800.00"},{"v":323800,"d":"323,800.00"}]
["22102","住房改革支出",{"v":323800,"d":"323,800.00"},{"v":323800,"d":"323,800.00"},{"v":323800,"d":"323,800.00"}]
["2210201","住房公积金",{"v":323800,"d":"323,800.00"},{"v":323800,"d":"323,800.00"},{"v":323800,"d":"323,800.00"}]
["合  计","合  计",{"v":7158570,"d":"7,158,570.00"},{"v":7158570,"d":"7,158,570.00"},{"v":6898020,"d":"6,898,020.00"},{"v":260550,"d":"260,550.00"}]

{"sheet":"一般公共预算“三公”经费支出预算表03","index":5,"n_rows":9,"n_cols":6,"rows_kept":9,"merged":[[1,0,1,5],[2,0,2,3],[3,0,4,0],[3,1,4,1],[3,2,3,4],[3,5,4,5],[8,0,8,5]]}
[{"$nulls":5},"预算03表"]
["2026年一般公共预算“三公”经费支出预算表"]
[{"$f":"\"单位名称：\"&\"云南省有色地质局三一二队\"","v":"单位名称：云南省有色地质局三一二队"},{"$nulls":4},"单位：元"]
["“三公”经费合计","因公出国（境）费","公务用车购置及运行费",null,null,"公务接待费"]
[null,null,"小计","公务用车购置费","公务用车运行费"]
[1,2,3,4,5,6]
[]
[]
["说明：我单位未使用一般公共预算财政拨款安排“三公”经费，因此《2026年一般公共预算“三公”经费支出预算表》（预算03表）公开空表。"]

{"sheet":"部门基本支出预算表04","index":6,"n_rows":44,"n_cols":23,"rows_kept":44,"merged":[[1,0,1,22],[2,0,2,6],[3,0,6,0],[3,1,6,1],[3,2,6,2],[3,3,6,3],[3,4,6,4],[3,5,6,5],[3,6,6,6],[3,7,3,22],[4,7,6,7],[4,8,4,12],[4,13,4,15],[4,16,6,16],[4,17,4,22],[5,8,6,8],[5,9,6,9],[5,10,6,10],[5,11,6,11],[5,12,6,12],[5,13,6,13],[5,14,6,14],[5,15,6,15],[5,17,6,17],[5,18,6,18],[5,19,6,19],[5,20,6,20],[5,21,6,21],[5,22,6,22],[43,0,43,6]]}
[{"$nulls":22},"预算04表"]
["2026年部门基本支出预算表"]
[{"$f":"\"单位名称：\"&\"云南省有色地质局三一二队\"","v":"单位名称：云南省有色地质局三一二队"},{"$nulls":21},"单位：元"]
["单位名称","项目代码","项目名称","功能科目编码","功能科目名称","经济科目编码","经济科目名称","资金来源"]
[{"$nulls":7},"合计","一般公共预算",{"$nulls":4},"财政拨款结转结余",null,null,"财政专户管理资金","单位资金"]
[{"$nulls":8},"全年数","已提前安排","抵扣上年垫付资金","本次下达","另文下达","一般公共预算","政府性基金预算","国有资本经营预算",null,"小计","事业收入","事业单位\n经营收入","上级补助收入","附属单位上缴收入","其他收入"]
[]
[1,2,3,4,5,6,7,8,9,10,11,12,13,14,15,16,17,18,19,20,21,22,23]
["云南省有色地质局三一二队",{"$nulls":6},{"v":24828150,"d":"24,828,150.00"},{"v":7158570,"d":"7,158,570.00"},{"v":1789642.5,"d":"1,789,642.50"},null,{"v":5368927.5,"d":"5,368,927.50"},{"$nulls":5},{"v":17669580,"d":"17,669,580.00"},{"v":16569580,"d":"16,569,580.00"},{"$nulls":3},{"v":1100000,"d":"1,100,000.00"}]
["云南省有色地质局三一二队",{"$nulls":6},{"v":24828150,"d":"24,828,150.00"},{"v":7158570,"d":"7,158,570.00"},{"v":1789642.5,"d":"1,789,642.50"},null,{"v":5368927.5,"d":"5,368,927.50"},{"$nulls":5},{"v":17669580,"d":"17,669,580.00"},{"v":16569580,"d":"16,569,580.00"},{"$nulls":3},{"v":1100000,"d":"1,100,000.00"}]
["云南省有色地质局三一二队","530000210000000035200","事业人员支出工资","2150107","有色金属矿勘探和采选","30101","基本工资",{"v":2457600,"d":"2,457,600.00"},{"v":2107600,"d":"2,107,600.00"},{"v":526900,"d":"526,900.00"},null,{"v":1580700,"d":"1,580,700.00"},{"$nulls":5},{"v":350000,"d":"350,000.00"},{"v":350000,"d":"350,000.00"}]
["云南省有色地质局三一二队","530000210000000035200","事业人员支出工资","2150107","有色金属矿勘探和采选","30107","绩效工资",{"v":4000000,"d":"4,000,000.00"},{"v":1208620,"d":"1,208,620.00"},{"v":302155,"d":"302,155.00"},null,{"v":906465,"d":"906,465.00"},{"$nulls":5},{"v":2791380,"d":"2,791,380.00"},{"v":1991380,"d":"1,991,380.00"},{"$nulls":3},{"v":800000,"d":"800,000.00"}]
["云南省有色地质局三一二队","530000210000000035201","社会保障缴费","2080505","机关事业单位基本养老保险缴费支出","30108","机关事业单位基本养老保险缴费",{"v":980000,"d":"980,000.00"},{"v":930000,"d":"930,000.00"},{"v":232500,"d":"232,500.00"},null,{"v":697500,"d":"697,500.00"},{"$nulls":5},{"v":50000,"d":"50,000.00"},{"v":50000,"d":"50,000.00"}]
["云南省有色地质局三一二队","530000210000000035201","社会保障缴费","2089999","其他社会保障和就业支出","30112","其他社会保障缴费",{"v":42000,"d":"42,000.00"},{"v":36000,"d":"36,000.00"},{"v":9000,"d":"9,000.00"},null,{"v":27000,"d":"27,000.00"},{"$nulls":5},{"v":6000,"d":"6,000.00"},{"v":6000,"d":"6,000.00"}]
["云南省有色地质局三一二队","530000210000000035201","社会保障缴费","2101102","事业单位医疗","30110","职工基本医疗保险缴费",{"v":524000,"d":"524,000.00"},{"v":362000,"d":"362,000.00"},{"v":90500,"d":"90,500.00"},null,{"v":271500,"d":"271,500.00"},{"$nulls":5},{"v":162000,"d":"162,000.00"},{"v":162000,"d":"162,000.00"}]
["云南省有色地质局三一二队","530000210000000035201","社会保障缴费","2101199","其他行政事业单位医疗支出","30112","其他社会保障缴费",{"v":3000,"d":"3,000.00"},{"$nulls":9},{"v":3000,"d":"3,000.00"},{"v":3000,"d":"3,000.00"}]
["云南省有色地质局三一二队","530000210000000035202","社会保障缴费（职业年金单位缴费）","2080506","机关事业单位职业年金缴费支出","30109","职业年金缴费",{"v":495000,"d":"495,000.00"},{"v":465000,"d":"465,000.00"},{"v":116250,"d":"116,250.00"},null,{"v":348750,"d":"348,750.00"},{"$nulls":5},{"v":30000,"d":"30,000.00"},{"v":30000,"d":"30,000.00"}]
["云南省有色地质局三一二队","530000210000000035203","住房公积金","2210201","住房公积金","30113","住房公积金",{"v":708800,"d":"708,800.00"},{"v":323800,"d":"323,800.00"},{"v":80950,"d":"80,950.00"},null,{"v":242850,"d":"242,850.00"},{"$nulls":5},{"v":385000,"d":"385,000.00"},{"v":385000,"d":"385,000.00"}]
["云南省有色地质局三一二队","530000210000000035204","对个人和家庭的补助","2150107","有色金属矿勘探和采选","30305","生活补助",{"v":1165000,"d":"1,165,000.00"},{"v":1165000,"d":"1,165,000.00"},{"v":291250,"d":"291,250.00"},null,{"v":873750,"d":"873,750.00"}]
["云南省有色地质局三一二队","530000210000000035204","对个人和家庭的补助","2150107","有色金属矿勘探和采选","30399","其他对个人和家庭的补助",{"v":300000,"d":"300,000.00"},{"v":300000,"d":"300,000.00"},{"v":75000,"d":"75,000.00"},null,{"v":225000,"d":"225,000.00"}]
["云南省有色地质局三一二队","530000210000000035205","其他工资福利支出","2150107","有色金属矿勘探和采选","30199","其他工资福利支出",{"v":5100000,"d":"5,100,000.00"},{"$nulls":9},{"v":5100000,"d":"5,100,000.00"},{"v":5100000,"d":"5,100,000.00"}]
["云南省有色地质局三一二队","530000210000000035206","公车购置及运维费","2150107","有色金属矿勘探和采选","30231","公务用车运行维护费",{"v":430000,"d":"430,000.00"},{"$nulls":9},{"v":430000,"d":"430,000.00"},{"v":430000,"d":"430,000.00"}]
["云南省有色地质局三一二队","530000210000000035208","公务接待费","2150107","有色金属矿勘探和采选","30217","公务接待费",{"v":120000,"d":"120,000.00"},{"$nulls":9},{"v":120000,"d":"120,000.00"},{"v":120000,"d":"120,000.00"}]
["云南省有色地质局三一二队","530000210000000035210","工会经费","2150107","有色金属矿勘探和采选","30228","工会经费",{"v":155000,"d":"155,000.00"},{"$nulls":9},{"v":155000,"d":"155,000.00"},{"v":155000,"d":"155,000.00"}]
["云南省有色地质局三一二队","530000210000000035211","一般公用经费","2080502","事业单位离退休","30299","其他商品和服务支出",{"v":260550,"d":"260,550.00"},{"v":260550,"d":"260,550.00"},{"v":65137.5,"d":"65,137.50"},null,{"v":195412.5,"d":"195,412.50"}]
["云南省有色地质局三一二队","530000210000000035211","一般公用经费","2150107","有色金属矿勘探和采选","30201","办公费",{"v":180000,"d":"180,000.00"},{"$nulls":9},{"v":180000,"d":"180,000.00"},{"v":180000,"d":"180,000.00"}]
["云南省有色地质局三一二队","530000210000000035211","一般公用经费","2150107","有色金属矿勘探和采选","30202","印刷费",{"v":30000,"d":"30,000.00"},{"$nulls":9},{"v":30000,"d":"30,000.00"},{"v":30000,"d":"30,000.00"}]
["云南省有色地质局三一二队","530000210000000035211","一般公用经费","2150107","有色金属矿勘探和采选","30204","手续费",{"v":10000,"d":"10,000.00"},{"$nulls":9},{"v":10000,"d":"10,000.00"},{"v":10000,"d":"10,000.00"}]
["云南省有色地质局三一二队","530000210000000035211","一般公用经费","2150107","有色金属矿勘探和采选","30205","水费",{"v":15000,"d":"15,000.00"},{"$nulls":9},{"v":15000,"d":"15,000.00"},{"v":15000,"d":"15,000.00"}]
["云南省有色地质局三一二队","530000210000000035211","一般公用经费","2150107","有色金属矿勘探和采选","30207","邮电费",{"v":30000,"d":"30,000.00"},{"$nulls":9},{"v":30000,"d":"30,000.00"},{"v":30000,"d":"30,000.00"}]
["云南省有色地质局三一二队","530000210000000035211","一般公用经费","2150107","有色金属矿勘探和采选","30211","差旅费",{"v":520000,"d":"520,000.00"},{"$nulls":9},{"v":520000,"d":"520,000.00"},{"v":520000,"d":"520,000.00"}]
["云南省有色地质局三一二队","530000210000000035211","一般公用经费","2150107","有色金属矿勘探和采选","30213","维修（护）费",{"v":450000,"d":"450,000.00"},{"$nulls":9},{"v":450000,"d":"450,000.00"},{"v":150000,"d":"150,000.00"},{"$nulls":3},{"v":300000,"d":"300,000.00"}]
["云南省有色地质局三一二队","530000210000000035211","一般公用经费","2150107","有色金属矿勘探和采选","30214","租赁费",{"v":200000,"d":"200,000.00"},{"$nulls":9},{"v":200000,"d":"200,000.00"},{"v":200000,"d":"200,000.00"}]
["云南省有色地质局三一二队","530000210000000035211","一般公用经费","2150107","有色金属矿勘探和采选","30215","会议费",{"v":8000,"d":"8,000.00"},{"$nulls":9},{"v":8000,"d":"8,000.00"},{"v":8000,"d":"8,000.00"}]
["云南省有色地质局三一二队","530000210000000035211","一般公用经费","2150107","有色金属矿勘探和采选","30216","培训费",{"v":72000,"d":"72,000.00"},{"$nulls":9},{"v":72000,"d":"72,000.00"},{"v":72000,"d":"72,000.00"}]
["云南省有色地质局三一二队","530000210000000035211","一般公用经费","2150107","有色金属矿勘探和采选","30218","专用材料费",{"v":150000,"d":"150,000.00"},{"$nulls":9},{"v":150000,"d":"150,000.00"},{"v":150000,"d":"150,000.00"}]
["云南省有色地质局三一二队","530000210000000035211","一般公用经费","2150107","有色金属矿勘探和采选","30226","劳务费",{"v":500000,"d":"500,000.00"},{"$nulls":9},{"v":500000,"d":"500,000.00"},{"v":500000,"d":"500,000.00"}]
["云南省有色地质局三一二队","530000210000000035211","一般公用经费","2150107","有色金属矿勘探和采选","30227","委托业务费",{"v":2800000,"d":"2,800,000.00"},{"$nulls":9},{"v":2800000,"d":"2,800,000.00"},{"v":2800000,"d":"2,800,000.00"}]
["云南省有色地质局三一二队","530000210000000035211","一般公用经费","2150107","有色金属矿勘探和采选","30240","税金及附加费用",{"v":850000,"d":"850,000.00"},{"$nulls":9},{"v":850000,"d":"850,000.00"},{"v":850000,"d":"850,000.00"}]
["云南省有色地质局三一二队","530000210000000035211","一般公用经费","2150107","有色金属矿勘探和采选","30299","其他商品和服务支出",{"v":700000,"d":"700,000.00"},{"$nulls":9},{"v":700000,"d":"700,000.00"},{"v":700000,"d":"700,000.00"}]
["云南省有色地质局三一二队","530000210000000035211","一般公用经费","2150107","有色金属矿勘探和采选","31002","办公设备购置",{"v":287200,"d":"287,200.00"},{"$nulls":9},{"v":287200,"d":"287,200.00"},{"v":287200,"d":"287,200.00"}]
["云南省有色地质局三一二队","530000210000000035211","一般公用经费","2150107","有色金属矿勘探和采选","31003","专用设备购置",{"v":475000,"d":"475,000.00"},{"$nulls":9},{"v":475000,"d":"475,000.00"},{"v":475000,"d":"475,000.00"}]
["云南省有色地质局三一二队","530000210000000035211","一般公用经费","2150107","有色金属矿勘探和采选","31007","信息网络及软件购置更新",{"v":810000,"d":"810,000.00"},{"$nulls":9},{"v":810000,"d":"810,000.00"},{"v":810000,"d":"810,000.00"}]
["合  计",{"$nulls":6},{"v":24828150,"d":"24,828,150.00"},{"v":7158570,"d":"7,158,570.00"},{"v":1789642.5,"d":"1,789,642.50"},null,{"v":5368927.5,"d":"5,368,927.50"},{"$nulls":5},{"v":17669580,"d":"17,669,580.00"},{"v":16569580,"d":"16,569,580.00"},{"$nulls":3},{"v":1100000,"d":"1,100,000.00"}]

{"sheet":"部门项目支出预算表05-1","index":7,"n_rows":12,"n_cols":23,"rows_kept":12,"merged":[[1,0,1,22],[2,0,2,8],[3,0,5,0],[3,1,5,1],[3,2,5,2],[3,3,5,3],[3,4,5,4],[3,5,5,5],[3,6,5,6],[3,7,5,7],[3,8,5,8],[3,9,3,12],[3,13,3,15],[3,16,5,16],[3,17,3,22],[4,9,4,10],[4,11,5,11],[4,12,5,12],[4,13,5,13],[4,14,5,14],[4,15,5,15],[4,17,5,17],[4,18,5,18],[4,19,5,19],[4,20,5,20],[4,21,5,21],[4,22,5,22],[9,0,9,7]]}
[{"$nulls":22},"预算05-1表"]
["2026年部门项目支出预算表"]
[{"$f":"\"单位名称：\"&\"云南省有色地质局三一二队\"","v":"单位名称：云南省有色地质局三一二队"},"单位名称：云南省有色地质局三一二队",{"$nulls":20},"单位：元"]
["项目分类","项目代码","项目名称","项目单位","功能科目编码","功能科目名称","经济科目编码","经济科目名称","合计","本年拨款",{"$nulls":3},"财政拨款结转结余",null,null,"财政专户管理资金","单位资金"]
[{"$nulls":9},"一般公共预算",null,"政府性基金预算","国有资本经营预算","一般公共预算","政府性基金预算","国有资本经营预算",null,"小计","事业收入","事业单位\n经营收入","上级补助收入","附属单位上缴收入","其他收入"]
[{"$nulls":9},"小计","其中：本次下达"]
[1,2,3,4,5,6,7,8,9,10,11,12,13,14,15,16,17,18,19,20,21,22,23]
[]
[]
["合  计"]
[]
["说明：我单位无项目支出预算，因此《2026年部门项目支出预算表》（预算05-1表）公开空表。"]

{"sheet":"部门项目支出绩效目标表05-2","index":8,"n_rows":9,"n_cols":10,"rows_kept":9,"merged":[[1,0,1,9],[2,0,2,7],[8,0,8,7]]}
[{"$nulls":9},"预算05-2表"]
["2026年部门项目支出绩效目标表"]
[{"$f":"\"单位名称：\"&\"云南省有色地质局三一二队\"","v":"单位名称：云南省有色地质局三一二队"}]
["单位名称、项目名称","项目年度绩效目标","一级指标","二级指标","三级指标","指标性质","指标值","度量单位","指标属性","指标内容"]
[1,2,3,4,5,6,7,8,9,10]
[]
[]
[]
["说明：我单位无项目支出预算，因此《2026年部门项目支出绩效目标表》（预算05-2表）公开空表。"]

{"sheet":"部门政府性基金预算表06","index":9,"n_rows":10,"n_cols":6,"rows_kept":10,"merged":[[1,0,1,5],[3,0,4,0],[3,1,4,1],[3,2,4,2],[3,3,3,5],[7,0,7,2]]}
[{"$nulls":5},"预算06表"]
["2026年政府性基金预算支出预算表"]
[{"$f":"\"单位名称：\"&\"云南省有色地质局三一二队\"","v":"单位名称：云南省有色地质局三一二队"},{"$nulls":4},"单位:元"]
["单位名称","科目编码","科目名称","政府性基金预算支出"]
[{"$nulls":3},"合计","基本支出","项目支出"]
[1,2,3,4,5,6]
[]
["合  计",null,"合  计"]
[]
["说明：我单位无政府性基金预算支出，因此《2026年政府性基金预算支出预算表》（预算06表）公开空表。"]

{"sheet":"部门政府采购预算表07","index":10,"n_rows":32,"n_cols":17,"rows_kept":32,"merged":[[1,0,1,16],[2,0,2,5],[3,0,5,0],[3,1,5,1],[3,2,5,2],[3,3,5,3],[3,4,5,4],[3,5,5,5],[3,6,3,16],[4,6,5,6],[4,7,5,7],[4,8,5,8],[4,9,5,9],[4,10,5,10],[4,11,4,16],[31,0,31,4]]}
[{"$nulls":16},"预算07表"]
["2026年部门政府采购预算表"]
[{"$f":"\"单位名称：\"&\"云南省有色地质局三一二队\"","v":"单位名称：云南省有色地质局三一二队"},{"$nulls":15},"单位：元"]
["预算项目","采购项目","采购品目","计量\n单位","数量","面向中小企业预留资金","资金来源"]
[{"$nulls":6},"合计","一般公共预算","政府性\n基金","国有资本经营收益","财政专户管理的收入","单位自筹"]
[{"$nulls":7},"小计",{"$nulls":3},"小计","事业收入","事业单位\n经营收入","上级补助收入","附属单位上缴收入","其他收入"]
[1,2,3,4,5,6,7,8,9,10,11,12,13,14,15,16,17]
["云南省有色地质局三一二队",{"$nulls":4},{"v":1003800,"d":"1,003,800.00"},{"v":1433800,"d":"1,433,800.00"},{"$nulls":4},{"v":1433800,"d":"1,433,800.00"},{"v":1433800,"d":"1,433,800.00"}]
["云南省有色地质局三一二队",{"$nulls":4},{"v":1003800,"d":"1,003,800.00"},{"v":1433800,"d":"1,433,800.00"},{"$nulls":4},{"v":1433800,"d":"1,433,800.00"},{"v":1433800,"d":"1,433,800.00"}]
["公车购置及运维费","车辆加油、添加燃料服务","C23120302 车辆加油、添加燃料服务","年",1,null,{"v":180000,"d":"180,000.00"},{"$nulls":4},{"v":180000,"d":"180,000.00"},{"v":180000,"d":"180,000.00"}]
["公车购置及运维费","车辆维修和保养服务","C23120301 车辆维修和保养服务","年",1,null,{"v":160000,"d":"160,000.00"},{"$nulls":4},{"v":160000,"d":"160,000.00"},{"v":160000,"d":"160,000.00"}]
["公车购置及运维费","机动车保险服务","C1804010201 机动车保险服务","年",1,null,{"v":90000,"d":"90,000.00"},{"$nulls":4},{"v":90000,"d":"90,000.00"},{"v":90000,"d":"90,000.00"}]
["一般公用经费","A3黑白打印机","A02021001 A3黑白打印机","台",3,{"v":22800,"d":"22,800.00"},{"v":22800,"d":"22,800.00"},{"$nulls":4},{"v":22800,"d":"22,800.00"},{"v":22800,"d":"22,800.00"}]
["一般公用经费","A4黑白打印机","A02021003 A4黑白打印机","台",3,{"v":4500,"d":"4,500.00"},{"v":4500,"d":"4,500.00"},{"$nulls":4},{"v":4500,"d":"4,500.00"},{"v":4500,"d":"4,500.00"}]
["一般公用经费","办公桌","A05010201 办公桌","张",5,{"v":12500,"d":"12,500.00"},{"v":12500,"d":"12,500.00"},{"$nulls":4},{"v":12500,"d":"12,500.00"},{"v":12500,"d":"12,500.00"}]
["一般公用经费","保险柜","A05010504 保密柜","个",5,{"v":17500,"d":"17,500.00"},{"v":17500,"d":"17,500.00"},{"$nulls":4},{"v":17500,"d":"17,500.00"},{"v":17500,"d":"17,500.00"}]
["一般公用经费","笔记本电脑","A02010108 便携式计算机","台",10,{"v":90000,"d":"90,000.00"},{"v":90000,"d":"90,000.00"},{"$nulls":4},{"v":90000,"d":"90,000.00"},{"v":90000,"d":"90,000.00"}]
["一般公用经费","茶几","A05010204 茶几","张",5,{"v":5000,"d":"5,000.00"},{"v":5000,"d":"5,000.00"},{"$nulls":4},{"v":5000,"d":"5,000.00"},{"v":5000,"d":"5,000.00"}]
["一般公用经费","茶水柜","A05010505 茶水柜","个",5,{"v":7500,"d":"7,500.00"},{"v":7500,"d":"7,500.00"},{"$nulls":4},{"v":7500,"d":"7,500.00"},{"v":7500,"d":"7,500.00"}]
["一般公用经费","A3纸","A05040101 复印纸","件",170,{"v":30600,"d":"30,600.00"},{"v":30600,"d":"30,600.00"},{"$nulls":4},{"v":30600,"d":"30,600.00"},{"v":30600,"d":"30,600.00"}]
["一般公用经费","A4纸","A05040101 复印纸","件",200,{"v":36000,"d":"36,000.00"},{"v":36000,"d":"36,000.00"},{"$nulls":4},{"v":36000,"d":"36,000.00"},{"v":36000,"d":"36,000.00"}]
["一般公用经费","档案架","A05010602 金属质架类","组",5,{"v":10000,"d":"10,000.00"},{"v":10000,"d":"10,000.00"},{"$nulls":4},{"v":10000,"d":"10,000.00"},{"v":10000,"d":"10,000.00"}]
["一般公用经费","饮水机","A05029900 其他用具","台",5,{"v":5000,"d":"5,000.00"},{"v":5000,"d":"5,000.00"},{"$nulls":4},{"v":5000,"d":"5,000.00"},{"v":5000,"d":"5,000.00"}]
["一般公用经费","扫描仪","A02021118 扫描仪","台",2,{"v":8000,"d":"8,000.00"},{"v":8000,"d":"8,000.00"},{"$nulls":4},{"v":8000,"d":"8,000.00"},{"v":8000,"d":"8,000.00"}]
["一般公用经费","书柜","A05010501 书柜","个",2,{"v":2400,"d":"2,400.00"},{"v":2400,"d":"2,400.00"},{"$nulls":4},{"v":2400,"d":"2,400.00"},{"v":2400,"d":"2,400.00"}]
["一般公用经费","碎纸机","A02021301 碎纸机","台",3,{"v":3000,"d":"3,000.00"},{"v":3000,"d":"3,000.00"},{"$nulls":4},{"v":3000,"d":"3,000.00"},{"v":3000,"d":"3,000.00"}]
["一般公用经费","台式电脑","A02010105 台式计算机","台",15,{"v":90000,"d":"90,000.00"},{"v":90000,"d":"90,000.00"},{"$nulls":4},{"v":90000,"d":"90,000.00"},{"v":90000,"d":"90,000.00"}]
["一般公用经费","基础软件","A0806030301 通用应用软件","套",10,{"v":500000,"d":"500,000.00"},{"v":500000,"d":"500,000.00"},{"$nulls":4},{"v":500000,"d":"500,000.00"},{"v":500000,"d":"500,000.00"}]
["一般公用经费","信息安全软件","A0806030301 通用应用软件","套",3,{"v":150000,"d":"150,000.00"},{"v":150000,"d":"150,000.00"},{"$nulls":4},{"v":150000,"d":"150,000.00"},{"v":150000,"d":"150,000.00"}]
["一般公用经费","文件柜","A05010502 文件柜","个",5,{"v":5000,"d":"5,000.00"},{"v":5000,"d":"5,000.00"},{"$nulls":4},{"v":5000,"d":"5,000.00"},{"v":5000,"d":"5,000.00"}]
["一般公用经费","桌前椅","A05010302 桌前椅","把",5,{"v":4000,"d":"4,000.00"},{"v":4000,"d":"4,000.00"},{"$nulls":4},{"v":4000,"d":"4,000.00"},{"v":4000,"d":"4,000.00"}]
["合  计",{"$nulls":4},{"v":1003800,"d":"1,003,800.00"},{"v":1433800,"d":"1,433,800.00"},{"$nulls":4},{"v":1433800,"d":"1,433,800.00"},{"v":1433800,"d":"1,433,800.00"}]

{"sheet":"部门政府购买服务预算表08","index":11,"n_rows":12,"n_cols":14,"rows_kept":12,"merged":[[1,0,1,13],[2,0,2,2],[3,0,5,0],[3,1,5,1],[3,2,5,2],[3,3,3,13],[4,3,5,3],[4,4,5,4],[4,5,5,5],[4,6,5,6],[4,7,5,7],[4,8,4,13],[9,0,9,2]]}
[{"$nulls":13},"预算08表"]
["2026年部门政府购买服务预算表"]
[{"$f":"\"单位名称：\"&\"云南省有色地质局三一二队\"","v":"单位名称：云南省有色地质局三一二队"},{"$nulls":12},"单位：元"]
["预算项目","政府购买服务项目","政府购买服务目录","资金来源"]
[{"$nulls":3},"合计","一般公共预算","政府性\n基金","国有资本经营收益","财政专户管理的收入","单位自筹"]
[{"$nulls":8},"小计","事业收入","事业单位\n经营收入","上级补助收入","附属单位上缴收入","其他收入"]
[1,2,3,4,5,6,7,8,9,10,11,12,13,14]
[]
[]
["合  计"]
[]
["说明：我单位无政府购买服务预算，因此《2026年部门政府购买服务预算表》（预算08表）公开空表。"]

{"sheet":"省对下转移支付预算表09-1","index":12,"n_rows":10,"n_cols":24,"rows_kept":10,"merged":[[1,0,1,23],[2,0,2,8],[3,0,4,0],[3,1,3,3],[3,4,3,23]]}
[{"$nulls":23},"预算09-1表"]
["2026年省对下转移支付预算表"]
[{"$f":"\"单位名称：\"&\"云南省有色地质局三一二队\"","v":"单位名称：云南省有色地质局三一二队"},{"$nulls":22},"单位：元"]
["单位名称（项目）","资金来源",null,null,"地区"]
[null,"合计","一般公共预算","政府性基金","昆明","昭通","曲靖","玉溪","红河","文山","普洱","西双版纳","楚雄","大理","保山","德宏","丽江","怒江","迪庆","临沧","宣威","腾冲","镇雄","未分配到地区数"]
[1,2,3,4,5,6,7,8,9,10,11,12,13,14,15,16,17,18,19,20,21,22,23,24]
[]
[]
[]
["说明：我单位无省对下转移支付预算，因此《2026年省对下转移支付预算表》（预算09-1表）公开空表。"]

{"sheet":"省对下转移支付绩效目标表09-2","index":13,"n_rows":9,"n_cols":10,"rows_kept":9,"merged":[[1,0,1,9],[2,0,2,7]]}
[{"$nulls":9},"预算09-2表"]
["2026年省对下转移支付绩效目标表"]
[{"$f":"\"单位名称：\"&\"云南省有色地质局三一二队\"","v":"单位名称：云南省有色地质局三一二队"}]
["单位名称、项目名称","项目年度绩效目标","一级指标","二级指标","三级指标","指标性质","指标值","度量单位","指标属性","指标内容"]
[1,2,3,4,5,6,7,8,9,10]
[]
[]
[]
["说明：我单位无省对下转移支付预算，因此《2026年省对下转移支付绩效目标表》（预算09-2表）公开空表。"]

{"sheet":"新增资产配置表10","index":14,"n_rows":33,"n_cols":8,"rows_kept":33,"merged":[[1,0,1,7],[3,0,4,0],[3,1,4,1],[3,2,4,2],[3,3,4,3],[3,4,4,4],[3,5,3,7],[31,0,31,4],[32,0,32,7]]}
[{"$nulls":7},"预算10表"]
["2026年新增资产配置表"]
[{"$f":"\"单位名称：\"&\"云南省有色地质局三一二队\"","v":"单位名称：云南省有色地质局三一二队"}]
["单位名称","资产类别","资产分类代码.名称","资产名称","计量单位","财政部门批复数（元）"]
[{"$nulls":5},"数量","单价","金额"]
["1","2","3","4","5","6","7","8"]
["云南省有色地质局三一二队",{"$nulls":4},124,null,{"v":1572200,"d":"1,572,200.00"}]
["云南省有色地质局三一二队","设备","A02010105 台式计算机","台式电脑","台",15,{"v":6000,"d":"6,000.00"},{"v":90000,"d":"90,000.00"}]
["云南省有色地质局三一二队","设备","A02010108 便携式计算机","笔记本电脑","台",10,{"v":9000,"d":"9,000.00"},{"v":90000,"d":"90,000.00"}]
["云南省有色地质局三一二队","设备","A02010109 平板式计算机","平板电脑","台",2,{"v":5000,"d":"5,000.00"},{"v":10000,"d":"10,000.00"}]
["云南省有色地质局三一二队","设备","A02010199 其他计算机","高性能计算机","台",1,{"v":20000,"d":"20,000.00"},{"v":20000,"d":"20,000.00"}]
["云南省有色地质局三一二队","设备","A02010508 移动存储设备","硬盘","个",10,{"v":2000,"d":"2,000.00"},{"v":20000,"d":"20,000.00"}]
["云南省有色地质局三一二队","设备","A02021001 A3黑白打印机","A3黑白打印机","台",3,{"v":7600,"d":"7,600.00"},{"v":22800,"d":"22,800.00"}]
["云南省有色地质局三一二队","设备","A02021003 A4黑白打印机","A4黑白打印机","台",3,{"v":1500,"d":"1,500.00"},{"v":4500,"d":"4,500.00"}]
["云南省有色地质局三一二队","设备","A02021118 扫描仪","扫描仪","台",2,{"v":4000,"d":"4,000.00"},{"v":8000,"d":"8,000.00"}]
["云南省有色地质局三一二队","设备","A02021301 碎纸机","碎纸机","台",3,{"v":1000,"d":"1,000.00"},{"v":3000,"d":"3,000.00"}]
["云南省有色地质局三一二队","设备","A02071300 卫星定位导航设备","GNSS接收机","台",10,{"v":15000,"d":"15,000.00"},{"v":150000,"d":"150,000.00"}]
["云南省有色地质局三一二队","设备","A02100108 绘图仪","绘图仪","台",1,{"v":150000,"d":"150,000.00"},{"v":150000,"d":"150,000.00"}]
["云南省有色地质局三一二队","设备","A02101900 测绘仪器","全站仪","台",5,{"v":25000,"d":"25,000.00"},{"v":125000,"d":"125,000.00"}]
["云南省有色地质局三一二队","家具和用品","A05010201 办公桌","办公桌","张",5,{"v":2500,"d":"2,500.00"},{"v":12500,"d":"12,500.00"}]
["云南省有色地质局三一二队","家具和用品","A05010204 茶几","茶几","张",5,{"v":1000,"d":"1,000.00"},{"v":5000,"d":"5,000.00"}]
["云南省有色地质局三一二队","家具和用品","A05010302 桌前椅","桌前椅","把",5,{"v":800,"d":"800.00"},{"v":4000,"d":"4,000.00"}]
["云南省有色地质局三一二队","家具和用品","A05010501 书柜","书柜","个",2,{"v":1200,"d":"1,200.00"},{"v":2400,"d":"2,400.00"}]
["云南省有色地质局三一二队","家具和用品","A05010502 文件柜","文件柜","个",5,{"v":1000,"d":"1,000.00"},{"v":5000,"d":"5,000.00"}]
["云南省有色地质局三一二队","家具和用品","A05010504 保密柜","保险柜","个",5,{"v":3500,"d":"3,500.00"},{"v":17500,"d":"17,500.00"}]
["云南省有色地质局三一二队","家具和用品","A05010505 茶水柜","茶水柜","个",5,{"v":1500,"d":"1,500.00"},{"v":7500,"d":"7,500.00"}]
["云南省有色地质局三一二队","家具和用品","A05010602 金属质架类","档案架","组",5,{"v":2000,"d":"2,000.00"},{"v":10000,"d":"10,000.00"}]
["云南省有色地质局三一二队","家具和用品","A05029900 其他用具","饮水机","台",5,{"v":1000,"d":"1,000.00"},{"v":5000,"d":"5,000.00"}]
["云南省有色地质局三一二队","无形资产","A08060301 基础软件","基础软件","套",10,{"v":50000,"d":"50,000.00"},{"v":500000,"d":"500,000.00"}]
["云南省有色地质局三一二队","无形资产","A08060303 应用软件","摄影测量系统","套",4,{"v":40000,"d":"40,000.00"},{"v":160000,"d":"160,000.00"}]
["云南省有色地质局三一二队","无形资产","A08060303 应用软件","信息安全软件","套",3,{"v":50000,"d":"50,000.00"},{"v":150000,"d":"150,000.00"}]
["合计",{"$nulls":4},124,null,{"v":1572200,"d":"1,572,200.00"}]
["注：涉及土地使用权、房屋、公务用车购置，按照现行相关管理制度规定报批，以职能部门审批意见为准。"]

{"sheet":"中央转移支付补助项目支出预算表11","index":15,"n_rows":12,"n_cols":11,"rows_kept":12,"merged":[[1,0,1,10],[2,0,2,6],[3,0,5,0],[3,1,5,1],[3,2,5,2],[3,3,5,3],[3,4,5,4],[3,5,5,5],[3,6,5,6],[3,7,5,7],[3,8,3,10],[4,8,5,8],[4,9,5,9],[4,10,5,10],[9,0,9,6],[11,0,11,7]]}
[{"$nulls":10},"预算11表"]
["2026年中央转移支付补助项目支出预算表"]
[{"$f":"\"单位名称：\"&\"云南省有色地质局三一二队\"","v":"单位名称：云南省有色地质局三一二队"},{"$nulls":9},"单位：元"]
["项目分类","项目名称","项目单位","功能科目编码","功能科目名称","经济科目编码","经济科目名称","合计","上级补助"]
[{"$nulls":8},"一般公共预算","政府性基金预算","国有资本经营预算"]
[{"$nulls":8},"小计"]
[1,2,3,4,5,6,7,8,9,10,11]
[]
[]
["合  计"]
[]
["说明：我单位无上级补助项目支出预算，因此《2026年中央转移支付补助项目支出预算表》（预算11表）公开空表。"]

{"sheet":"部门项目支出中期规划预算表12","index":16,"n_rows":12,"n_cols":7,"rows_kept":12,"merged":[[1,0,1,6],[2,0,2,3],[3,0,5,0],[3,1,5,1],[3,2,5,2],[3,3,5,3],[3,4,3,6],[4,4,5,4],[4,5,5,5],[4,6,5,6],[9,0,9,3],[11,0,11,6]]}
[{"$nulls":6},"预算12表"]
["2026年部门项目支出中期规划预算表"]
[{"$f":"\"单位名称：\"&\"云南省有色地质局三一二队\"","v":"单位名称：云南省有色地质局三一二队"},{"$nulls":5},"单位：元"]
["项目单位","项目分类","项目名称","项目级次","一般公共预算"]
[{"$nulls":4},"2026年","2027年","2028年"]
[{"$nulls":5},"小计"]
[1,2,3,4,5,6,7]
[]
[]
["合计",""]
[]
["说明：我单位无项目支出中期规划，因此《2026年部门项目支出中期规划预算表》（预算12表）公开空表。"]